Statistics for SNL Guest Hosts - Season 32

Click here to take the quiz!

General Stats

  • This quiz has been taken 5 times
  • The average score is 8 of 20

Answer Stats

Premiere DateFamous ForMusical GuestGuest Host% Correct
November 11, 200630 Rock, It's Complicated, Pearl HarbourChristina AguileraAlec Baldwin
80%
March 24, 2007Former quarterback for the Denver BroncosCarrie UnderwoodPeyton Manning
80%
December 16, 2006Trolls, Friends with Benefits, The Social NetworkHimselfJustin Timberlake
80%
March 17, 2007Seinfeld, Planes, VeepSnow PatrolJulia Louis-Dreyfus
80%
May 19, 2007Scrubs, Wish I Was Here, Garden StateMaroon 5Zach Braff
60%
January 13, 2007Love and Other Drugs, Nightcrawler, LifeThe ShinsJake Gyllenhaal
60%
February 3, 2007E.T.: The Extraterrestrial, Blended, 50 First DatesLily AllenDrew Barrymore
60%
May 12, 2007Superstar, Other People, A Night at the RoxburyLinkin ParkMolly Shannon
40%
October 28, 2006House, Veep, ChanceBeckHugh Laurie
40%
February 24, 2007The Office, Monsters vs. Aliens, Galaxy QuestArcade FireRainn Wilson
20%
April 21, 2007The Jungle Book, Captain America: Civil War, Rough NightBjorkScarlett Johansson
20%
April 14, 2007Transformers, Even Stevens, Surf's UpAvril LavigneShia LeBeouf
20%
September 30, 2006Good Luck Chuck, Dan in Real Life, Mr. BrooksThe KillersDane Cook
20%
October 7, 2006My Name is Earl, Poison Ivy: The New Seduction, Joe DirtCorinne Bailey RaeJaime Pressly
20%
December 9, 2006The Grifters, American Beauty, Being JuliaGwen Stefani and AkonAnnette Bening
20%
December 2, 2006Party of Five, Lost, We Are MarshallTenacious DMatthew Fox
20%
November 18, 2006Crash, Gamer, New Year's EveHimselfLudacris
20%
October 21, 2006Step Brothers, Talladega Nights: The Ballad of Ricky Bobby, Wreck-It RalphMy Chemical RomanceJohn C. Reily
20%
January 20, 2007Entourage, Ellen, Mr. SelfridgeAFIJeremy Piven
20%
February 10, 2007Rogue One: A Star Wars Story, The Butler, BirdKeith UrbanForet Whitaker
0%

Score Distribution

Percentile by Number Answered

Percent of People with Each Score

Your Score History

You have not taken this quiz